[Event "Open Parla 2008"]
[Site "Parla ESP"]
[Date "2008.09.06"]
[Round "1.34"]
[White "Martinez Martinez, Antonio"]
[Black "Lozano Cortijo, Mariano"]
[Result "0-1"]
[WhiteElo "1748"]
[BlackElo "2156"]
[PlyCount "88"]
[EventDate "2008.09.06"]
[EventType "swiss"]
[EventRounds "9"]
[EventCountry "AUT"]
[Source "lmi"]
[SourceDate "2008.09.06"]

1. e4 e6 2. Nf3 d5 3. e5 c5 4. b3 Nc6 5. Bb5 Bd7 6. a4 Nge7 7. a5 Nxe5 8. Nc3
Nxf3+ 9. Qxf3 Bxb5 10. Nxb5 Nc6 11. Qg3 Rc8 12. d3 a6 13. Na3 Qxa5+ 14. Bd2 Qc7
15. Bf4 e5 16. Bd2 g6 17. O-O Bg7 18. Rae1 O-O 19. f4 Nd4 20. fxe5 Rce8 21. Bf4
Ne6 22. Bc1 Nd4 23. Bf4 Re6 24. c4 Nf5 25. Qf3 d4 26. g4 Ne7 27. Qg3 Nc6 28.
Re4 Bxe5 29. h4 Bxf4 30. Rfxf4 Rxe4 31. dxe4 Nb4 32. g5 Nd3 33. Rf3 Qxg3+ 34.
Rxg3 Ne5 35. Kf2 f6 36. Ke2 fxg5 37. hxg5 Rf4 38. Rg1 Rxe4+ 39. Kd1 Re3 40. Kc2
Re2+ 41. Kb1 d3 42. Kc1 Ra2 43. Nb1 Nf3 44. Rd1 Rc2# 0-1

[Event "Open Parla 2008"]
[Site "Parla ESP"]
[Date "2008.09.06"]
[Round "1.35"]
[White "Ferreira, Henrique Camara"]
[Black "Gutierrez Garcia, Alberto"]
[Result "1-0"]
[WhiteElo "2151"]
[BlackElo "1742"]
[PlyCount "65"]
[EventDate "2008.09.06"]
[EventType "swiss"]
[EventRounds "9"]
[EventCountry "AUT"]
[Source "lmi"]
[SourceDate "2008.09.06"]

1. d4 Nf6 2. Nf3 d5 3. c4 c6 4. Qc2 Nbd7 5. Nbd2 e6 6. g3 Bd6 7. Bg2 O-O 8. O-O
Re8 9. b3 e5 10. cxd5 cxd5 11. dxe5 Nxe5 12. Bb2 Bd7 13. Nxe5 Bxe5 14. Bxe5
Rxe5 15. Nf3 Bf5 16. Qb2 Re7 17. Nd4 Be4 18. Bh3 Qe8 19. Rac1 Re5 20. Rc7 Rh5
21. Bg2 Bxg2 22. Kxg2 Ng4 23. Nf3 Qe4 24. Rfc1 Rxh2+ 25. Kg1 h6 26. Rc8+ Rxc8
27. Rxc8+ Kh7 28. Nxh2 Qe6 29. Qc2+ g6 30. Nxg4 Qxg4 31. Qc5 d4 32. Qc4 Qf5 33.
Rd8 1-0

[Event "Open Parla 2008"]
[Site "Parla ESP"]
[Date "2008.09.06"]
[Round "1.36"]
[White "Cavalle Pulla, Daniel"]
[Black "Ivanovitch Balsinde, Nicolas"]
[Result "0-1"]
[WhiteElo "1737"]
[BlackElo "2149"]
[PlyCount "106"]
[EventDate "2008.09.06"]
[EventType "swiss"]
[EventRounds "9"]
[EventCountry "AUT"]
[Source "lmi"]
[SourceDate "2008.09.06"]

1. e4 e5 2. Nf3 Nc6 3. Bc4 Bc5 4. c3 Nf6 5. d3 d6 6. Bb3 a6 7. Nbd2 Ba7 8. O-O
Ne7 9. h3 Ng6 10. Re1 Nf4 11. Nf1 N6h5 12. Be3 O-O 13. Kh2 Be6 14. Ng1 g6 15.
Bxe6 Nxe6 16. Bxa7 Rxa7 17. Ne3 Nhg7 18. Nf3 f5 19. exf5 gxf5 20. d4 e4 21. Nd2
f4 22. Nec4 Qh4 23. d5 Nc5 24. Nxe4 Nxe4 25. Rxe4 Qxf2 26. Qg4 Raa8 27. Rae1
Kh8 28. Re7 Qg3+ 29. Qxg3 fxg3+ 30. Kg1 Rae8 31. Rxe8 Rxe8 32. Rxe8+ Nxe8 33.
Ne3 Nf6 34. Kf1 Nh5 35. Ke2 Nf4+ 36. Kf3 Nd3 37. Nd1 Kg7 38. Kxg3 Kf6 39. Kf3
Ke5 40. c4 Kd4 41. g4 Kxc4 42. Ke3 Nb4 43. Nc3 Nxd5+ 44. Nxd5 Kxd5 45. Kf4 Ke6
46. h4 Kf6 47. h5 d5 48. b4 b6 49. g5+ Kf7 50. a4 c6 51. Kg4 a5 52. bxa5 bxa5
53. Kf4 c5 0-1

[Event "Open Parla 2008"]
[Site "Parla ESP"]
[Date "2008.09.06"]
[Round "1.37"]
[White "Sanchez-Guijaldo Vela, Demetrio"]
[Black "Perez Alvarez, Javier"]
[Result "1-0"]
[WhiteElo "2141"]
[BlackElo "1727"]
[PlyCount "125"]
[EventDate "2008.09.06"]
[EventType "swiss"]
[EventRounds "9"]
[EventCountry "AUT"]
[Source "lmi"]
[SourceDate "2008.09.06"]

1. e4 e6 2. d4 d5 3. exd5 exd5 4. Nf3 h6 5. Bd3 Bd6 6. O-O Qf6 7. Ne5 Ne7 8.
Nc3 c6 9. f4 Bf5 10. Ne2 Bxd3 11. Qxd3 O-O 12. Ng3 c5 13. dxc5 Bxc5+ 14. Be3
Bxe3+ 15. Qxe3 Nbc6 16. Qb3 Nxe5 17. fxe5 Qc6 18. Rad1 Nc8 19. Qxd5 Qxd5 20.
Rxd5 Nb6 21. Rd4 Rfe8 22. Re1 Rac8 23. c3 Rc5 24. Rde4 Re6 25. Nf5 Nc4 26. b3
Nxe5 27. b4 Nf3+ 28. gxf3 Rxf5 29. Rxe6 fxe6 30. Kf2 Kf7 31. Re4 Rh5 32. h4 g5
33. hxg5 Rxg5 34. c4 b6 35. a4 Rh5 36. Kg2 Rg5+ 37. Kf2 a5 38. b5 Rh5 39. Kg2
Rg5+ 40. Rg4 Re5 41. Kf2 Rh5 42. Ke3 Rh1 43. Kd4 Ra1 44. Ke5 h5 45. Rf4+ Ke7
46. Rf6 Rxa4 47. Rxe6+ Kd7 48. Rd6+ Kc7 49. Rc6+ Kb7 50. Kd5 Ra3 51. Rf6 h4 52.
Rf7+ Kb8 53. Kc6 Rc3 54. Rf4 a4 55. Kxb6 Kc8 56. Rxh4 Rxf3 57. c5 a3 58. c6 Rd3
59. Ra4 Kd8 60. Ra8+ Ke7 61. c7 a2 62. Rxa2 Rc3 63. Kb7 1-0

[Event "Open Parla 2008"]
[Site "Parla ESP"]
[Date "2008.09.06"]
[Round "1.38"]
[White "Sierra Soria, Maria"]
[Black "Lopez-Andujar Ocana, Antonio"]
[Result "0-1"]
[WhiteElo "1708"]
[BlackElo "2138"]
[PlyCount "38"]
[EventDate "2008.09.06"]
[EventType "swiss"]
[EventRounds "9"]
[EventCountry "AUT"]
[Source "lmi"]
[SourceDate "2008.09.06"]

1. c4 Nf6 2. Nf3 c5 3. Nc3 d5 4. d4 cxd4 5. Nxd4 e5 6. Nf3 d4 7. Nb1 Nc6 8. Bg5
e4 9. Nfd2 Qa5 10. Bxf6 gxf6 11. Qb3 Bb4 12. Qg3 Bf5 13. Qf4 O-O-O 14. g3 e3
15. fxe3 dxe3 16. Qxe3 Nd4 17. Qf4 Nc2+ 18. Kf2 Nxa1 19. Nf3 Nc2 0-1

[Event "Open Parla 2008"]
[Site "Parla ESP"]
[Date "2008.09.06"]
[Round "1.39"]
[White "Argente Rodriguez, Juan Jose"]
[Black "Rodriguez Centenera, Sara"]
[Result "1-0"]
[WhiteElo "2129"]
[BlackElo "1674"]
[PlyCount "69"]
[EventDate "2008.09.06"]
[EventType "swiss"]
[EventRounds "9"]
[EventCountry "AUT"]
[Source "lmi"]
[SourceDate "2008.09.06"]

1. c4 Nf6 2. g3 d6 3. Bg2 g6 4. Nc3 Bg7 5. e4 O-O 6. Nge2 e5 7. O-O Be6 8. d3
a5 9. h3 Na6 10. f4 Qc8 11. f5 gxf5 12. exf5 Bxf5 13. Bg5 Ne8 14. g4 Be6 15.
Be7 Nc5 16. Ng3 Bh6 17. g5 Bxg5 18. Bxg5 Kh8 19. Kh2 f5 20. Nd5 f4 21. Ne4 Rg8
22. Nxc5 dxc5 23. Qe2 Bxd5 24. Qxe5+ Ng7 25. Bxd5 Rf8 26. Qe7 Rf5 27. Bf6 Qf8
28. Qxf8+ Rxf8 29. Bc3 b6 30. Bxg7+ Kxg7 31. Rae1 Kf6 32. Re6+ Kg5 33. Rg1+ Kh4
34. Rh6+ Rh5 35. Rg4# 1-0

[Event "Open Parla 2008"]
[Site "Parla ESP"]
[Date "2008.09.06"]
[Round "1.40"]
[White "Madurga Lopez, Ignacio"]
[Black "Vazquez Gonzalez, Francisco"]
[Result "0-1"]
[WhiteElo "1666"]
[BlackElo "2125"]
[PlyCount "58"]
[EventDate "2008.09.06"]
[EventType "swiss"]
[EventRounds "9"]
[EventCountry "AUT"]
[Source "lmi"]
[SourceDate "2008.09.06"]

1. e4 e5 2. Nf3 Nc6 3. Bc4 Nf6 4. d3 Bc5 5. c3 d6 6. O-O O-O 7. Nbd2 Qe7 8. Re1
Be6 9. Bb3 Ng4 10. Re2 Kh8 11. h3 Nh6 12. Nf1 f5 13. Bxe6 Qxe6 14. Bxh6 Qxh6
15. exf5 Rxf5 16. Ng3 Rxf3 17. gxf3 Qxh3 18. Qf1 Qxg3+ 19. Qg2 Qf4 20. Rae1 Rf8
21. d4 exd4 22. Re4 Qf6 23. Re6 Qf7 24. b4 Bb6 25. cxd4 Bxd4 26. R6e4 d5 27.
R4e2 Bc3 28. Rd1 Nd4 29. Re3 Nxf3+ 0-1

[Event "Open Parla 2008"]
[Site "Parla ESP"]
[Date "2008.09.06"]
[Round "1.41"]
[White "Coleto Calderon, Jose Antonio"]
[Black "Alcazar Mata, Jesus"]
[Result "1/2-1/2"]
[WhiteElo "2122"]
[BlackElo "1631"]
[PlyCount "87"]
[EventDate "2008.09.06"]
[EventType "swiss"]
[EventRounds "9"]
[EventCountry "AUT"]
[Source "lmi"]
[SourceDate "2008.09.06"]

1. e4 e5 2. Nf3 Nc6 3. Bb5 a6 4. Ba4 Nf6 5. O-O b5 6. Bb3 d6 7. Ng5 d5 8. exd5
Nd4 9. Nc3 h6 10. Nge4 Nxe4 11. Nxe4 Nxb3 12. axb3 Qxd5 13. Qf3 Bb7 14. Re1 Be7
15. d3 O-O 16. Qg3 Qe6 17. Bd2 f5 18. Nc3 Bd6 19. f4 Rae8 20. Ne2 Rf6 21. Nd4
Bc5 22. c3 Qb6 23. Re2 Rg6 24. Qe1 Qc6 25. Kf1 Bxd4 26. cxd4 Rxg2 27. Rc1 Qg6
28. Be3 exf4 29. Bf2 Rxe2 30. Qxe2 Rxh2 31. Ke1 Qg2 32. Rxc7 Bf3 33. Qe6+ Kh7
34. Qxf5+ Qg6 35. Rf7 Qxf5 36. Rxf5 g5 37. d5 Kg6 38. Re5 Rh1+ 39. Kd2 Ra1 40.
d6 Bc6 41. Re7 g4 42. Rc7 Be8 43. Re7 Bc6 44. Rc7 1/2-1/2

[Event "Open Parla 2008"]
[Site "Parla ESP"]
[Date "2008.09.07"]
[Round "2.1"]
[White "Lozano Cortijo, Mariano"]
[Black "Epishin, Vladimir"]
[Result "0-1"]
[WhiteElo "2156"]
[BlackElo "2574"]
[PlyCount "71"]
[EventDate "2008.09.06"]
[EventType "swiss"]
[EventRounds "9"]
[EventCountry "AUT"]
[Source "lmi"]
[SourceDate "2008.09.06"]

1. e4 c5 2. Nf3 e6 3. c3 d5 4. exd5 Qxd5 5. d4 Bd7 6. Be3 cxd4 7. Qxd4 Nf6 8.
Ne5 Nc6 9. Nxc6 Bxc6 10. Qxd5 Nxd5 11. Bd4 O-O-O 12. Nd2 e5 13. Be3 Nxe3 14.
fxe3 g6 15. O-O-O Bh6 16. Re1 f5 17. Nf3 Rhe8 18. h4 Re7 19. Rh2 a5 20. Ng5 Bd5
21. b3 Rc7 22. Kb2 e4 23. c4 Bg7+ 24. Kb1 Bg8 25. g3 Bc3 26. Ree2 b5 27. Rc2
Be5 28. Rhd2 Rxd2 29. Rxd2 bxc4 30. Bxc4 Bxc4 31. bxc4 Bxg3 32. Ne6 Rd7 33. Rc2
Bxh4 34. c5 Bf6 35. a4 Be5 36. c6 0-1

[Event "Open Parla 2008"]
[Site "Parla ESP"]
[Date "2008.09.07"]
[Round "2.2"]
[White "Ivanovitch Balsinde, Nicolas"]
[Black "Herraiz Hidalgo, Herminio"]
[Result "0-1"]
[WhiteElo "2149"]
[BlackElo "2507"]
[PlyCount "52"]
[EventDate "2008.09.06"]
[EventType "swiss"]
[EventRounds "9"]
[EventCountry "AUT"]
[Source "lmi"]
[SourceDate "2008.09.06"]

1. e4 e6 2. d4 d5 3. exd5 exd5 4. Nf3 Nf6 5. c4 Bb4+ 6. Nc3 O-O 7. Bd3 dxc4 8.
Bxc4 Bg4 9. O-O Nc6 10. Be3 Ba5 11. h3 Bh5 12. g4 Bg6 13. Ne5 Bxc3 14. bxc3 Nd5
15. Nxg6 hxg6 16. Bxd5 Qxd5 17. Qb3 Qf3 18. Qxb7 f5 19. Qxc7 f4 20. Bxf4 Rac8
21. Qd6 Rf6 22. Qc5 Rxf4 23. Kh2 Rf7 24. Rac1 Ne7 25. Qxa7 Nd5 26. Qa6 Nf4 0-1

[Event "Open Parla 2008"]
[Site "Parla ESP"]
[Date "2008.09.07"]
[Round "2.3"]
[White "Mekhitarian, Krikor Sevag"]
[Black "Ferreira, Henrique Camara"]
[Result "1-0"]
[WhiteElo "2504"]
[BlackElo "2151"]
[PlyCount "71"]
[EventDate "2008.09.06"]
[EventType "swiss"]
[EventRounds "9"]
[EventCountry "AUT"]
[Source "lmi"]
[SourceDate "2008.09.06"]

1. e4 e6 2. d4 d5 3. Nc3 Nf6 4. e5 Nfd7 5. f4 c5 6. Nf3 Nc6 7. Be3 cxd4 8. Nxd4
Bc5 9. Qd2 O-O 10. O-O-O a6 11. Qf2 Qe7 12. g3 Nxd4 13. Bxd4 b5 14. Kb1 b4 15.
Ne2 a5 16. Bxc5 Nxc5 17. Nd4 Qc7 18. Qe3 a4 19. Bd3 Ba6 20. f5 exf5 21. Nxf5 b3
22. a3 Rab8 23. Rd2 bxc2+ 24. Bxc2 d4 25. Qxd4 Ne6 26. Qh4 h6 27. Nxh6+ gxh6
28. Qxh6 Rfc8 29. Bh7+ Kh8 30. Bf5+ Kg8 31. Qh7+ Kf8 32. Bxe6 fxe6 33. Rf2+ Ke8
34. Qg6+ Kd7 35. Rf7+ Kc6 36. Rc1+ 1-0

[Event "Open Parla 2008"]
[Site "Parla ESP"]
[Date "2008.09.07"]
[Round "2.4"]
[White "Lopez-Andujar Ocana, Antonio"]
[Black "Starostits, Ilmar"]
[Result "0-1"]
[WhiteElo "2138"]
[BlackElo "2497"]
[PlyCount "86"]
[EventDate "2008.09.06"]
[EventType "swiss"]
[EventRounds "9"]
[EventCountry "AUT"]
[Source "lmi"]
[SourceDate "2008.09.06"]

1. e4 c5 2. Nf3 d6 3. d4 cxd4 4. Nxd4 Nf6 5. f3 e5 6. Nb3 Be6 7. c4 Be7 8. Nc3
O-O 9. Bd3 Na6 10. Be3 Nh5 11. Nd5 Bg5 12. Qd2 Bxe3 13. Nxe3 Nf4 14. g3 Nxd3+
15. Qxd3 Nb4 16. Qc3 Qb6 17. a3 Qxe3+ 18. Qxe3 Nc2+ 19. Kf2 Nxe3 20. Kxe3 Bxc4
21. Na5 Be6 22. Rhd1 Rfd8 23. Nxb7 Rdb8 24. Nxd6 Rb3+ 25. Ke2 Rxb2+ 26. Ke3
Rxh2 27. Rab1 h5 28. Rb5 Ra2 29. Rd3 f6 30. f4 exf4+ 31. gxf4 Bg4 32. Rb7 a5
33. f5 Rd8 34. Kf4 Rg2 35. e5 fxe5+ 36. Kxe5 Re2+ 37. Kf4 Rf2+ 38. Ke5 h4 39.
Rd4 Bf3 40. Ra7 h3 41. f6 gxf6+ 42. Kxf6 Rf8+ 43. Kg6 Rg2+ 0-1

[Event "Open Parla 2008"]
[Site "Parla ESP"]
[Date "2008.09.07"]
[Round "2.5"]
[White "Vera Gonzalez-Quevedo, Reynaldo"]
[Black "Sanchez-Guijaldo Vela, Demetrio"]
[Result "1-0"]
[WhiteElo "2493"]
[BlackElo "2141"]
[PlyCount "115"]
[EventDate "2008.09.06"]
[EventType "swiss"]
[EventRounds "9"]
[EventCountry "AUT"]
[Source "lmi"]
[SourceDate "2008.09.06"]

1. d4 e6 2. c4 d5 3. Nc3 Nf6 4. Nf3 Nbd7 5. cxd5 exd5 6. Bf4 c6 7. e3 Be7 8. h3
Nf8 9. Bd3 Ng6 10. Bh2 Bd6 11. Bxd6 Qxd6 12. Qc2 Bd7 13. Rb1 O-O 14. b4 b6 15.
O-O Rfe8 16. Rfd1 Rac8 17. Rdc1 Qe7 18. Ba6 Rb8 19. a4 Qd6 20. Bd3 Rbc8 21. Qa2
Ne7 22. a5 Bf5 23. Bxf5 Nxf5 24. axb6 axb6 25. Qa6 Rb8 26. Rc2 Ne7 27. Ne2 Nd7
28. Nf4 Ra8 29. Qf1 b5 30. Nd3 Ra3 31. Nc5 Nxc5 32. Rxc5 Rea8 33. Ne5 f6 34.
Nd3 Qd7 35. Rbc1 Ra2 36. R5c3 R8a3 37. g4 Qa7 38. Kg2 Ra1 39. Rxa1 Rxa1 40. Qe2
Qa2 41. Rc2 Qa3 42. Qd2 Kf7 43. Rc3 Qa4 44. Rc2 Qa3 45. f4 Qa8 46. f5 Qa4 47.
Nc5 Qa3 48. Qc3 Qa7 49. Ne6 Ra3 50. Qd2 Qa8 51. Qf2 g6 52. Qf4 Qa4 53. Rf2 g5
54. Qd6 Qa8 55. h4 h6 56. hxg5 hxg5 57. Nxg5+ fxg5 58. f6 1-0

[Event "Open Parla 2008"]
[Site "Parla ESP"]
[Date "2008.09.07"]
[Round "2.6"]
[White "Vazquez Gonzalez, Francisco"]
[Black "Almagro Llanas, Pablo"]
[Result "0-1"]
[WhiteElo "2125"]
[BlackElo "2492"]
[PlyCount "110"]
[EventDate "2008.09.06"]
[EventType "swiss"]
[EventRounds "9"]
[EventCountry "AUT"]
[Source "lmi"]
[SourceDate "2008.09.06"]

1. e4 c6 2. d4 d5 3. exd5 cxd5 4. Bd3 Nf6 5. f4 g6 6. Nf3 Bf5 7. O-O Nc6 8. c3
Bxd3 9. Qxd3 Ne4 10. Nbd2 f5 11. Ne5 e6 12. Nxe4 dxe4 13. Qb5 Qb6 14. Qxb6 axb6
15. Be3 b5 16. Rfd1 Ne7 17. a3 Nd5 18. Kf2 Bd6 19. Rac1 Ke7 20. g3 Rhc8 21. Ke2
Nb6 22. h4 Nd5 23. Rh1 Nf6 24. Rcd1 Kf8 25. Rc1 Kg7 26. Rhd1 Nd5 27. Bg1 Rc7
28. Bf2 Kh6 29. Rg1 Bxe5 30. dxe5 Kh5 31. Rcd1 h6 32. Rd4 Kg4 33. Rh1 Rd8 34.
Rhd1 Rcd7 35. a4 bxa4 36. c4 Nb6 37. Rxd7 Rxd7 38. Rd6 Rxd6 39. exd6 Nd7 40.
Ke3 g5 41. hxg5 hxg5 42. Be1 gxf4+ 43. gxf4 Kh3 44. Bc3 Kg2 45. Ke2 Kg3 46. Ke3
Nb6 47. c5 Nd7 48. Bd4 Kg4 49. Be5 Nxc5 50. Bc3 Nd7 51. Be5 Kh5 52. Kd4 Kg6 53.
Bh8 Kf7 54. Kc4 Ke8 55. Bd4 Nf8 0-1

[Event "Open Parla 2008"]
[Site "Parla ESP"]
[Date "2008.09.07"]
[Round "2.7"]
[White "Di Berardino, Diego Rafael"]
[Black "Argente Rodriguez, Juan Jose"]
[Result "1-0"]
[WhiteElo "2471"]
[BlackElo "2129"]
[PlyCount "49"]
[EventDate "2008.09.06"]
[EventType "swiss"]
[EventRounds "9"]
[EventCountry "AUT"]
[Source "lmi"]
[SourceDate "2008.09.06"]

1. e4 e5 2. Nf3 Nf6 3. Nxe5 d6 4. Nf3 Nxe4 5. d4 d5 6. Bd3 Bd6 7. O-O O-O 8. c4
c6 9. Qc2 Na6 10. a3 f5 11. Nc3 Nc7 12. c5 Be7 13. Ne5 Ne6 14. Ne2 Bf6 15. f4
Bd7 16. Be3 Be8 17. Ng3 g5 18. Nxf5 N4xc5 19. dxc5 gxf4 20. Nd4 Qe7 21. Bxh7+
Kh8 22. Nxe6 fxe3 23. Nxf8 Qxe5 24. Bg6 e2 25. Bxe8 1-0

[Event "Open Parla 2008"]
[Site "Parla ESP"]
[Date "2008.09.07"]
[Round "2.8"]
[White "Huguet Mainar, Sergio"]
[Black "Moreno Ruiz, Javier"]
[Result "0-1"]
[WhiteElo "2109"]
[BlackElo "2470"]
[PlyCount "66"]
[EventDate "2008.09.06"]
[EventType "swiss"]
[EventRounds "9"]
[EventCountry "AUT"]
[Source "lmi"]
[SourceDate "2008.09.06"]

1. e4 c5 2. c3 g6 3. d4 cxd4 4. cxd4 d5 5. e5 Bg7 6. Bd3 Nc6 7. Ne2 f6 8. f4
Bg4 9. Be3 Nh6 10. Nbc3 Qd7 11. h3 Bxe2 12. Qxe2 e6 13. g4 Nf7 14. h4 O-O-O 15.
h5 fxe5 16. fxe5 Nfxe5 17. dxe5 d4 18. Bg5 dxc3 19. Bxd8 cxb2 20. Rd1 Rxd8 21.
Be4 Nd4 22. Qxb2 Bxe5 23. Kf2 Rf8+ 24. Kg2 Rf4 25. Rxd4 Rxg4+ 26. Kf3 Rg3+ 27.
Ke2 Bxd4 28. Bxb7+ Qxb7 29. Rc1+ Kb8 30. Qxd4 Qg2+ 31. Kd1 Qg1+ 32. Qxg1 Rxg1+
33. Kd2 Rxc1 0-1

[Event "Open Parla 2008"]
[Site "Parla ESP"]
[Date "2008.09.07"]
[Round "2.9"]
[White "Roa Alonso, Santiago"]
[Black "Vazquez Gonzalez, Jesus"]
[Result "1-0"]
[WhiteElo "2465"]
[BlackElo "2080"]
[PlyCount "45"]
[EventDate "2008.09.06"]
[EventType "swiss"]
[EventRounds "9"]
[EventCountry "AUT"]
[Source "lmi"]
[SourceDate "2008.09.06"]

1. e4 Nc6 2. d4 e5 3. d5 Nce7 4. c4 Ng6 5. Be3 Bb4+ 6. Nc3 Nf6 7. f3 c5 8. Nge2
d6 9. a3 Bxc3+ 10. Nxc3 Qa5 11. b4 cxb4 12. Nb5 bxa3+ 13. Qd2 Qxd2+ 14. Kxd2
O-O 15. Nxd6 b6 16. Rxa3 Bd7 17. Be2 Rfb8 18. Rha1 a5 19. Rb1 Nf4 20. Bf1 Ra6
21. g3 Ng6 22. c5 b5 23. c6 1-0

[Event "Open Parla 2008"]
[Site "Parla ESP"]
[Date "2008.09.07"]
[Round "2.10"]
[White "Cabrera Trujillo, Jorge"]
[Black "Sanchez Garcia, Manuel"]
[Result "1-0"]
[WhiteElo "2423"]
[BlackElo "2062"]
[PlyCount "109"]
[EventDate "2008.09.06"]
[EventType "swiss"]
[EventRounds "9"]
[EventCountry "AUT"]
[Source "lmi"]
[SourceDate "2008.09.06"]

1. e4 c5 2. Nf3 b6 3. d4 cxd4 4. Nxd4 a6 5. c4 Bb7 6. Nc3 e6 7. Be2 d6 8. O-O
Nf6 9. f3 Be7 10. Be3 Nbd7 11. a4 O-O 12. a5 Qc7 13. Qd2 Rac8 14. Rfc1 Bd8 15.
axb6 Nxb6 16. Nb3 Qb8 17. Na5 Ba8 18. Ra3 Nfd7 19. Rb3 Nc5 20. Ra3 Nbd7 21. Bd1
Qb4 22. Na2 Qxd2 23. Bxd2 Ne5 24. Be2 f5 25. exf5 Rxf5 26. b4 Bxa5 27. bxa5 Rb8
28. Nb4 Nc6 29. Nd3 Nd4 30. Bd1 Bxf3 31. gxf3 Nxf3+ 32. Bxf3 Rxf3 33. Rcc3 Ne4
34. Nf4 Nxd2 35. Rxf3 Nxf3+ 36. Rxf3 Kf7 37. Nd5+ Ke8 38. Nb6 Ke7 39. Kf2 Rb7
40. Nc8+ Kd7 41. Nb6+ Kc6 42. Rf8 Kc5 43. Ra8 Rf7+ 44. Ke3 d5 45. Rc8+ Kb4 46.
c5 Kxa5 47. Kd4 Kb5 48. Ke5 Rf5+ 49. Kxe6 Rh5 50. Kd6 Rxh2 51. Rb8 Rc2 52. Nd7+
Kc4 53. c6 d4 54. c7 Kd3 55. Nc5+ 1-0

[Event "Open Parla 2008"]
[Site "Parla ESP"]
[Date "2008.09.07"]
[Round "2.11"]
[White "Quintero Torres, Pedro"]
[Black "Martinez Martin, David"]
[Result "0-1"]
[WhiteElo "2095"]
[BlackElo "2415"]
[PlyCount "50"]
[EventDate "2008.09.06"]
[EventType "swiss"]
[EventRounds "9"]
[EventCountry "AUT"]
[Source "lmi"]
[SourceDate "2008.09.06"]

1. e4 c5 2. Nf3 g6 3. c4 Bg7 4. Nc3 Nc6 5. d3 d6 6. h3 e5 7. g4 Nge7 8. Nd5 O-O
9. Bg5 f6 10. Bh4 Nxd5 11. cxd5 Ne7 12. Nd2 Bh6 13. Nc4 Bf4 14. Bg2 b5 15. Ne3
f5 16. O-O a5 17. gxf5 gxf5 18. Nxf5 Bxf5 19. exf5 Qd7 20. Qg4+ Kh8 21. f6 Nf5
22. Kh1 Rg8 23. Qh5 Rg6 24. f7 Rh6 25. Qg4 Rxh4 0-1

[Event "Open Parla 2008"]
[Site "Parla ESP"]
[Date "2008.09.07"]
[Round "2.13"]
[White "Gomez, Gustavo Pizzocaro"]
[Black "Ortiz Suarez, Isam"]
[Result "0-1"]
[WhiteElo "2076"]
[BlackElo "2392"]
[PlyCount "68"]
[EventDate "2008.09.06"]
[EventType "swiss"]
[EventRounds "9"]
[EventCountry "AUT"]
[Source "lmi"]
[SourceDate "2008.09.06"]

1. d4 g6 2. Nf3 Bg7 3. g3 c5 4. d5 d6 5. c4 e5 6. e4 Ne7 7. Bg2 O-O 8. O-O h6
9. Nc3 f5 10. Ne1 f4 11. gxf4 exf4 12. Nd3 g5 13. e5 Nf5 14. e6 Na6 15. Be4 Nh4
16. Qh5 Nc7 17. Re1 Qe7 18. Bg6 Nxg6 19. Qxg6 b5 20. cxb5 Bb7 21. Bd2 Rf6 22.
Qh5 Nxd5 23. Nxd5 Bxd5 24. Nxf4 Bb7 25. Ng2 Rxe6 26. Qg4 Re8 27. Rxe6 Qxe6 28.
Qxe6+ Rxe6 29. Bc3 Bf8 30. b4 cxb4 31. Bd2 Re2 32. Be3 Bg7 33. Rb1 Rxa2 34. h4
Ra1 0-1

[Event "Open Parla 2008"]
[Site "Parla ESP"]
[Date "2008.09.07"]
[Round "2.14"]
[White "Serrano Salvador, Eduardo"]
[Black "Sanchez-Alarcos Galian, Victor"]
[Result "1/2-1/2"]
[WhiteElo "2341"]
[BlackElo "2026"]
[PlyCount "72"]
[EventDate "2008.09.06"]
[EventType "swiss"]
[EventRounds "9"]
[EventCountry "AUT"]
[Source "lmi"]
[SourceDate "2008.09.06"]

1. d4 Nf6 2. Nf3 e6 3. c4 b6 4. a3 Bb7 5. Nc3 d5 6. cxd5 Nxd5 7. e3 g6 8. Bb5+
c6 9. Bd3 Bg7 10. O-O O-O 11. Ne4 Qe7 12. Bd2 Nd7 13. Rc1 e5 14. Bb1 exd4 15.
exd4 N7f6 16. Re1 Nxe4 17. Bxe4 Qd6 18. Qb3 Rfe8 19. Bxd5 cxd5 20. Rxe8+ Rxe8
21. Qb5 Rc8 22. Rxc8+ Bxc8 23. Qe8+ Qf8 24. Qc6 Qd8 25. Bf4 Qd7 26. Qxd7 Bxd7
27. Be5 Bh6 28. Bb8 Bc1 29. Bxa7 Bxb2 30. Bxb6 Bxa3 31. Bc5 Bc1 32. Ne5 Bb5 33.
Ng4 Kg7 34. Bd6 f6 35. Be7 h5 36. Ne3 Bxe3 1/2-1/2

[Event "Open Parla 2008"]
[Site "Parla ESP"]
[Date "2008.09.07"]
[Round "2.15"]
[White "Anton Guijarro, David"]
[Black "Arribas Lopez, Angel"]
[Result "0-1"]
[WhiteElo "2055"]
[BlackElo "2332"]
[PlyCount "100"]
[EventDate "2008.09.06"]
[EventType "swiss"]
[EventRounds "9"]
[EventCountry "AUT"]
[Source "lmi"]
[SourceDate "2008.09.06"]

1. d4 Nf6 2. c4 g6 3. Nf3 Bg7 4. Nc3 O-O 5. e4 d6 6. Be2 e5 7. O-O Nc6 8. d5
Ne7 9. b4 Nh5 10. Re1 f5 11. Ng5 Nf6 12. Bf3 c6 13. Bd2 h6 14. Ne6 Bxe6 15.
dxe6 fxe4 16. Nxe4 Nxe4 17. Bxe4 Qc8 18. Qg4 Rf6 19. Qh4 g5 20. Qh5 Qxe6 21. h4
gxh4 22. Qxh4 Nf5 23. Qh5 Qf7 24. Qxf7+ Rxf7 25. Bc3 Raf8 26. Rad1 Nd4 27. Bxd4
exd4 28. Re2 Kh8 29. Bd3 Be5 30. a4 Kg7 31. b5 h5 32. Be4 Rc7 33. g3 Bf6 34.
Kg2 Rd8 35. Bf3 d5 36. cxd5 c5 37. Rc2 c4 38. Be2 c3 39. Bd3 Rxd5 40. Re1 Rd6
41. Rh1 Rc5 42. Re1 a6 43. bxa6 bxa6 44. Rb1 Rc7 45. Kf3 Rf7 46. Kg2 Bg5 47.
Rh1 h4 48. Re1 hxg3 49. Kxg3 Rdf6 50. Rh1 Rf3+ 0-1

[Event "Open Parla 2008"]
[Site "Parla ESP"]
[Date "2008.09.07"]
[Round "2.16"]
[White "Ballesteros Gonzalez, David"]
[Black "Oliver Fernandez, Rafael"]
[Result "1-0"]
[WhiteElo "2285"]
[BlackElo "2019"]
[PlyCount "89"]
[EventDate "2008.09.06"]
[EventType "swiss"]
[EventRounds "9"]
[EventCountry "AUT"]
[Source "lmi"]
[SourceDate "2008.09.06"]

1. d4 Nf6 2. c4 e5 3. dxe5 Ng4 4. Nf3 Nc6 5. Nc3 Bc5 6. e3 Ngxe5 7. Be2 O-O 8.
O-O d6 9. Na4 Bb6 10. Nxb6 axb6 11. Bd2 Be6 12. Nxe5 dxe5 13. Bc3 f6 14. Qc2
Qe7 15. a3 Rfd8 16. b4 Qf7 17. Bb2 Rd7 18. Rad1 Rad8 19. Rxd7 Rxd7 20. f4 exf4
21. Rxf4 Qg6 22. Qxg6 hxg6 23. Bc3 g5 24. Rf1 Bf7 25. Kf2 Kf8 26. Rc1 Ke8 27.
h3 Bg6 28. Bg4 Rd8 29. Bf3 Bf7 30. b5 Ne5 31. Bxe5 fxe5 32. Bxb7 Rd3 33. c5
Rxa3 34. cxb6 cxb6 35. Rc7 Kf8 36. Bc6 Bc4 37. Rb7 Rb3 38. Rxb6 Ke7 39. Rb7+
Kf6 40. Rb8 Rb2+ 41. Kg3 Rb3 42. Kf3 Ke7 43. b6 Kd6 44. Be4 Bd5 45. Rd8+ 1-0

[Event "Open Parla 2008"]
[Site "Parla ESP"]
[Date "2008.09.07"]
[Round "2.17"]
[White "Tolosana Esteban, Enrique"]
[Black "Ruiz Saiz, Agustin"]
[Result "0-1"]
[WhiteElo "1954"]
[BlackElo "2274"]
[PlyCount "64"]
[EventDate "2008.09.06"]
[EventType "swiss"]
[EventRounds "9"]
[EventCountry "AUT"]
[Source "lmi"]
[SourceDate "2008.09.06"]

1. e4 d6 2. d4 Nf6 3. Nc3 g6 4. f4 Bg7 5. Nf3 O-O 6. Be2 c5 7. d5 e6 8. dxe6
Bxe6 9. Ng5 Qe7 10. O-O Nc6 11. Nxe6 fxe6 12. Be3 Rad8 13. Bf3 Nd7 14. Ne2 Nb6
15. c3 d5 16. e5 g5 17. g3 d4 18. cxd4 cxd4 19. Bc1 Qc5 20. Kh1 Nc4 21. Bg4 d3
22. Bxe6+ Kh8 23. Nc3 Nd4 24. Bxc4 Qxc4 25. Ne4 Nc2 26. Nd6 Rxd6 27. exd6 Nxa1
28. Rf3 Nc2 29. Rxd3 Qe4+ 30. Kg1 Bd4+ 31. Kf1 Qh1+ 32. Ke2 Qg2# 0-1